000 00645nam a2200205Ii 4500
003 JO-AjNU
008 230605s9999||||xx |||||||||||||| ||und||
040 _aJO-AjNU
_bara
_erda
_cJO-AjNU
041 _aara
050 1 4 _aBH41.J2.1980
100 3 _aالجباخنجي،محمد صدقي,
_eauthor
_913254
245 0 0 _aالحس الجمالي
250 _aط1
264 3 1 _aد.م:دار المعارف ،1980
300 _a128ص
_bفهرس الاعلام من ص5-ص7
336 _atext
_btxt
_2rdacontent
337 _aunmediated
_bn
_2rdamedia
338 _avolume
_bnc
_2rdacarrier
650 4 _aعلم الجمال-الجمال-فن
_913255
999 _aA3252
_c6820
_d6820